000 00850nam a2200253 a 4500
001 000025351
005 20260115123655.0
008 090831s1996 dr r 000 0 spa d
040 _aDO-SdBNP
_bspa
_cBNPHU
082 _a170
_bM761m
100 1 _aMotalvo C. , Rafael V.
_917941
245 1 3 _aEl ABC de la moral y cívica :
_bgente nueva para una patria nueva /
_cRafael V. Montalvo C. , Henry A. Rojas L.
250 _a2a ed.
260 _aSanto Domingo :
_bEditora Montalvo,
_c1996.
300 _a240 p. :
_bil. ;
_c21 cm.
500 _aIncluye notas al pie de las páginas
504 _aibliográfía : p. 239
650 0 _aEducación moral
_91607
650 0 _aEducación cívica
_91206
650 0 _aValores (Filosofía)
_9604
650 0 _aVida cristiana
_9668
650 0 _aValores sociales
_91087
700 1 _aRojas L. , Henry A.
_917942
999 _c24843
_d24843